MARC

Tag First Indicator Second Indicator Subfields
LEADER 00000cjm a22000004a 4500
001 in00002090921
005 20151102165117.0
007 sd fsngnnmmned
008 051021p20052000nyucon
010 |a  2005580216 
024 1 |a 093228063520 
028 0 2 |a 80635-2  |b New World Records 
035 |a (OCoLC)ocm62150838 
040 |a DLC  |c DLC  |d MTG  |d TXA  |d UtOrBLW 
042 |a pcc 
049 |a TXAM 
050 0 0 |a SDB 25962 
090 |a M3.1.B74  |b M98 2005 
100 1 |a Bresnick, Martin. 
240 1 0 |a Instrumental music.  |k Selections 
245 1 0 |a My twentieth century /  |c Martin Bresnick. 
264 1 |a New York :  |b New World Records,  |c [2005] 
264 4 |c ℗2005 
300 |a 1 sound disc :  |b digital ;  |c 4 3/4 in. 
336 |a performed music  |b prm  |2 rdacontent 
337 |a audio  |b s  |2 rdamedia 
338 |a audio disc  |b sd  |2 rdacarrier 
500 |a "Recorded Anthology of American Music, Inc." 
500 |a The 1st work is a concerto; the 2nd is for baritone saxophone and 3 pre-recorded baritone saxophones; the 4th is for piano and amplified bass clarinet, drum set, vibraphone, keyboard, guitar, and violin; the 5th is for flute, clarinet, piano, violin, viola, and violoncello. 
511 0 |a Various perfomers. 
518 |a The 1st work recorded live July 5, 2000, Izumi Hall, Osaka, Japan; the remainder recorded Sept. 25, Nov. 25, Sept. 24, 2003, and Oct. 4, 2004, respectively, Sprague Hall, Yale University School of Music. 
505 0 |a Grace (Robert van Sice, Kunihiko Komori, marimbas ; Izumi Sinfonietta Osaka ; Norichika Iimori, conductor) -- Tent of miracles (Taimur Sullivan, saxophones) -- Songs of the mouse people (Maya Beiser, violoncello ; Steven Schick, percussion) -- Fantasia on a theme by Willie Dixon (Lisa Moore, piano ; Povera Players) -- My twentieth century (Povera Players ; Ransom Wilson, conductor). 
500 |a Sound recording. 
650 0 |a Concertos (Marimbas (2) with chamber orchestra) 
650 0 |a Saxophone and electronic music. 
650 0 |a Percussion and cello music. 
650 0 |a Piano with instrumental ensemble. 
650 0 |a Sextets (Piano, clarinet, flute, violin, viola, cello) 
700 1 |a Van Sice, Robert,  |e performer. 
700 1 |a Komori, Kunihiko,  |e performer. 
700 1 |a Iimori, Norichika,  |e conductor. 
700 1 |a Sullivan, Taimur,  |e performer. 
700 1 |a Beiser, Maya,  |e performer. 
700 1 |a Schick, Steven,  |e performer. 
700 1 |a Moore, Lisa,  |d 1960-  |e performer. 
700 1 |a Wilson, Ransom,  |e conductor. 
700 1 2 |a Bresnick, Martin.  |t Grace. 
700 1 2 |a Bresnick, Martin.  |t Tent of miracles. 
700 1 2 |a Bresnick, Martin.  |t Songs of the mouse people. 
700 1 2 |a Bresnick, Martin.  |t Fantasia on a theme by Willie Dixon. 
700 1 2 |a Bresnick, Martin.  |t My twentieth century. 
710 2 |a Recorded Anthology of American Music, Inc. 
710 2 |a Izumi Shinfonietta Ōsaka,  |e performer. 
710 2 |a Povera Players,  |e performer. 
994 |a C0  |b TXA 
948 |a cataloged  |b h  |c 2005/12/12  |d c  |e bhartsfi  |f 4:20:41 pm 
999 |a MARS 
999 f f |s bc4b150c-6b42-30ab-a409-b04b6500d87b  |i 09a11fcd-32f1-3d9c-929e-15f572e448ba  |t 0 
952 f f |p ric  |a Texas A&M University  |b Rellis Campus  |c Joint Library Facility  |d Remote Storage  |t 0  |e M3.1.B74 M98 2005  |h Library of Congress classification  |i audio -- audio disc  |m A14833086252 
998 f f |a M3.1.B74 M98 2005  |t 0  |l Remote Storage